000 01025nam a22002775i 4500
001 13336
003 ES-MaACL
005 20230906150541.0
007 t|
008 950822m19919999sp ||||0| spa j
020 _a84-87818-02-1
040 _aM-BN
_bspa
_cM-BN
080 _a327(8=60:460.32 Mallorca)
080 _a327(460.32 Mallorca:8=60)
245 0 0 _aAmérica y Mallorca
_b: del predescubrimiento hasta el siglo XX : miscelánea humanística /
_cintroducción del prof. Dr. Bartolomé Escandell ; [coordinador, Jesús García Marín].
260 _aPalma de Mallorca :
_bAjuntament :
_bMiramar,
_c199.
300 _a1 v. ;
_c24 cm.
500 _aTextos en castellano y en catalán.
504 _aBibliografía.
651 4 _aAmérica española-
_xRelaciones-
_zMallorca.
_97739
651 4 _aMallorca-
_xRelaciones-
_zAmérica española.
_99017
700 1 _aGarcía Marín, Jesús.
_954886
700 1 _aEscandell Bonet, Bartolomé.
_947499
852 _aES-MaACL
_jL-20677
_bR.126279
999 _c13336
_d13336